Energy Management in Buildings / (Record no. 2219)

MARC details
000 -LEADER
fixed length control field 00718nac a22001931u 4500
008 - FIXED-LENGTH DATA ELEMENTS--GENERAL INFORMATION
fixed length control field 101007t xxu||||| |||| 00| 0 eng d
020 ## - INTERNATIONAL STANDARD BOOK NUMBER
International Standard Book Number 04153539120
020 ## - INTERNATIONAL STANDARD BOOK NUMBER
International Standard Book Number 9780415353922
082 ## - DEWEY DECIMAL CLASSIFICATION NUMBER
Classification number 696
Item number MOS
100 ## - MAIN ENTRY--PERSONAL NAME
Personal name Moss, Keith J.
9 (RLIN) 20158
245 ## - TITLE STATEMENT
Title Energy Management in Buildings /
Statement of responsibility, etc Keith J. Moss
250 ## - EDITION STATEMENT
Edition statement 2nd ed.
260 ## - PUBLICATION, DISTRIBUTION, ETC. (IMPRINT)
Place of publication, distribution, etc London
Name of publisher, distributor, etc Taylor & Francis ,2006
Date of publication, distribution, etc 2006.
300 ## - PHYSICAL DESCRIPTION
Extent ix,225 p. ;
Dimensions 24 cm.
650 ## - SUBJECT ADDED ENTRY--TOPICAL TERM
Topical term or geographic name as entry element Buildings
General subdivision Energy conservation
9 (RLIN) 20159
650 ## - SUBJECT ADDED ENTRY--TOPICAL TERM
Topical term or geographic name as entry element Buildings
General subdivision Energy consumption
9 (RLIN) 20160
942 ## - ADDED ENTRY ELEMENTS (KOHA)
Item type Book - Borrowing
Call number prefix 696 MOS
Source of classification or shelving scheme Dewey Decimal Classification
Holdings
Withdrawn status Item status Source of classification or shelving scheme Damaged status Not for loan Vendor Home library Current library Shelving location Date acquired Source of acquisition Total Checkouts Total Renewals Full call number Barcode Date last seen Date last borrowed Cost, replacement price Koha item type
    Dewey Decimal Classification       Central Library Central Library First floor 07/10/2010   2 37 696 MOS 000002093 15/07/2025 03/11/2013 415.00 Book - Borrowing